书目信息 |
| 题名: |
生物统计学
|
|
| 作者: | 邵云 , 李春喜 , 姜丽娜 , 王文林 编著 | |
| 分册: | ||
| 出版信息: | 北京 科学出版社 2005.07 |
|
| 页数: | 357页 | |
| 开本: | 26cm | |
| 丛书名: | 21世纪高等院校教材 | |
| 单 册: | ||
| 中图分类: | Q-332 | |
| 科图分类: | ||
| 主题词: | 生物统计--高等学校--教材 | |
| 电子资源: | ||
| ISBN: | 7-03-015155-0 | |
| 000 | 01183nam 2200325 450 | |
| 001 | 010235286172 | |
| 005 | 20110401170052.75 | |
| 010 | @a7-03-015155-0@dCNY28.00 | |
| 100 | @a20050925d2005 km y0chiy0120 ea | |
| 101 | 0 | @achi |
| 102 | @aCN@b110000 | |
| 105 | @aa a 001yy | |
| 200 | 1 | @a生物统计学@Asheng wu tong ji xue@f李春喜 … [等] 编著@Fli chun xi…[deng]bian zhu |
| 205 | @a3版 | |
| 210 | @a北京@c科学出版社@d2005.07 | |
| 215 | @a357页@c图@d26cm | |
| 225 | 2 | @a21世纪高等院校教材@i生物科学系列 |
| 304 | @a题名页题其余责任者: 姜丽娜, 邵云, 王文林 | |
| 320 | @a有书目 (第355-357页) 和索引。 | |
| 330 | @a本书系统介绍了生物统计学的基本原理和方法,着重讲解了平均数和频率的假设检验、X2检验、方差分析、直线回归与相关分析、可直线化的非线性回归分析、协方差分析、试验设计的原理和常用试验设计及其统计分析。 | |
| 410 | 0 | @12001 @a生物科学系列 |
| 410 | 0 | @12001 @a21世纪高等院校教材 |
| 606 | 0 | @a生物统计@x高等学校@j教材 |
| 690 | @aQ-332@v4 | |
| 701 | 0 | @a邵云@Ashao yun@4编著 |
| 701 | 0 | @a李春喜@Ali chun xi@4编著 |
| 701 | 0 | @a姜丽娜@Ajiang li na@4编著 |
| 701 | 0 | @a王文林@Awang wen lin@4编著 |
| 801 | 0 | @aCN@bQSSK@c20110401 |
| 905 | @a10447@dQ-332@eL137 | |
| 生物统计学/李春喜 … [等] 编著.-3版.-北京:科学出版社,2005.07 |
| 357页:图;26cm.-(21世纪高等院校教材.生物科学系列) |
| ISBN 7-03-015155-0:CNY28.00 |
| 本书系统介绍了生物统计学的基本原理和方法,着重讲解了平均数和频率的假设检验、X2检验、方差分析、直线回归与相关分析、可直线化的非线性回归分析、协方差分析、试验设计的原理和常用试验设计及其统计分析。 |
| ● |
| 相关链接 |
|
|
|
正题名:生物统计学
索取号:Q-332/L137
 
预约/预借
| 序号 | 登录号 | 条形码 | 馆藏地/架位号 | 状态 | 备注 |
| 1 | 452323 | 204523239 | 自科库401/401自科库 24排1列1层/ [索取号:Q-332/L137] | 在馆 | |
| 2 | 452324 | 204523248 | 自科库401/401自科库 24排1列1层/ [索取号:Q-332/L137] | 在馆 | |
| 3 | 464991 | 204649915 | 自科二线504/504自科库 44排5列2层/ [索取号:Q-332/L137] | 在馆 | |
| 4 | 464992 | 204649924 | 自科二线504/504自科库 44排5列2层/ [索取号:Q-332/L137] | 在馆 | |
| 5 | 464993 | 204649933 | 自科二线504/504自科库 44排5列2层/ [索取号:Q-332/L137] | 在馆 | |
| 6 | 464994 | 204649942 | 自科二线504/504自科库 44排5列2层/ [索取号:Q-332/L137] | 在馆 | |
| 7 | 572075 | 205720754 | 自科库401/401自科库 24排1列1层/ [索取号:Q-332/L137] | 在馆 | |
| 8 | 572076 | 205720763 | 自科库401/401自科库 24排1列1层/ [索取号:Q-332/L137] | 在馆 |